00584nam a2200169 a 450000100060000000300090000600800410001504000280005608200180008411000450010224501690014726000420031630000100035865000130036865000140038165000190039515368CO-ViMGA141112s2004 ck r 000 u spa d aCO-ViMGAbspacCO-ViMGA04a303.69 C656he aOficina del alto comisionado para la paz10aHechos de paz : bEl comite temático Nacional XXI y las audiencias públicas : bMomorias del proceso de paz adelantado por el Gobierno Nacional con la FARC - EP aBogotá, cImprenta Nacional, c1999 a36.p.14aCOLOMBIA14aFARC - EP14aPROCESO DE PAZ